| Поле | Инд. | ПП | Название | Значение |
|---|---|---|---|---|
| Тип записи | a | |||
| Библиографический уровень | a | |||
| 001 | Контрольный номер | 5489ec4052b74bf49c38f369143a06ae | ||
| 005 | Дата корректировки | 20181120134522.9 | ||
| 100 | a | Данные общей обработки | 20180628 ||| 0rusy0189 ca | |
| 101 | 0_ | a | Язык текста | rus |
| 102 | a | Страна публикации | RU | |
| 200 | 1_ | f | Первые сведения об ответственности | В. Тюнин |
| a | Заглавие | Участие прокурора в качестве ответчика в административном судопроизводстве | ||
| 210 | d | Дата издания | 2018 | |
| 461 | _0 | 1 | 2000 | |
| a | Законность | |||
| 463 | _0 | 1 | 2000 | |
| a | №5 | |||
| v | С. 26-29 | |||
| 1 | 2101 | |||
| d | 2018 | |||
| 1 | 0019f54d25c0f2c4029bccf79bf46b20e40 | |||
| 606 | a | Основная рубрика | Правоохранительные и судебные органы | |
| 610 | 0_ | a | Ключевые слова | ПРОКУРОРСКАЯ ДЕЯТЕЛЬНОСТЬ |
| a | Ключевые слова | АДМИНИСТРАТИВНОЕ СУДОПРОИЗВОДСТВО | ||
| 700 | _1 | a | Фамилия | Тюнин |
| b | Имя | В. | ||
| 801 | _0 | a | Страна | RU |
| b | Организация | РГУП | ||
| c | Дата составления | 20180628 | ||
| g | Правила каталогизации | PSBO | ||
| 801 | _1 | a | Страна | RU |
| b | Организация | РГУП | ||
| c | Дата составления | 20180628 | ||
| g | Правила каталогизации | PSBO | ||
| 901 | t | Тип документа | b | |
| w | Контрольный № источника | 9f54d25c0f2c4029bccf79bf46b20e40 | ||
| 905 | a | Дата ввода | 20180628 |